25 Times Table Game - Statistics

General Stats
  • This quiz has been taken 2,121 times
    1,377 since last reset
  • The average score is 23 of 25
Answer Stats
Problem Answer % Correct
25 x 1 25
95%
25 x 5 125
94%
25 x 6 150
94%
25 x 10 250
94%
25 x 2 50
94%
25 x 3 75
94%
25 x 4 100
93%
25 x 7 175
93%
25 x 11 275
93%
25 x 8 200
92%
25 x 9 225
92%
25 x 12 300
92%
25 x 13 325
92%
25 x 15 375
92%
25 x 24 600
92%
25 x 14 350
91%
25 x 16 400
91%
25 x 17 425
91%
25 x 18 450
91%
25 x 20 500
91%
25 x 21 525
91%
25 x 22 550
91%
25 x 25 625
91%
25 x 19 475
90%
25 x 23 575
90%
No matching quizzes found
Score Distribution
Percent of People with Each Score
Percentile by Number Answered
Your Score History
You have not taken this quiz since the last reset